|
|
|
|
| LEADER |
00000nam0a2200000 4500 |
| 001 |
334007 |
| 005 |
20231102004619.0 |
| 020 |
|
|
|a RU
|
| 035 |
|
|
|a (RuTPU)RU\TPU\book\360023
|
| 035 |
|
|
|a RU\TPU\book\128257
|
| 090 |
|
|
|a 334007
|
| 100 |
|
|
|a 20170706a1979 k y0rusy5003 ca
|
| 101 |
0 |
|
|a rus
|
| 102 |
|
|
|a RU
|
| 105 |
|
|
|a a z 001zy
|
| 200 |
1 |
|
|a Геология и разработка нефтяных месторождений Западной Сибири
|e сборник статей
|f Сибирский научно-исследовательский институт нефтяной промышленности (СибНИИНП) ; под ред. Е. П. Ефремова
|
| 210 |
|
|
|a Тюмень
|c Изд-во СибНИИНП
|d 1979
|
| 215 |
|
|
|a 185 с.
|c ил.
|
| 225 |
1 |
|
|a Труды Сибирского научно-исследовательского института нефтяной промышленности (СибНИИНП)
|v Вып. 15
|
| 320 |
|
|
|a Библиография в конце статей
|
| 606 |
1 |
|
|a Нефтяные месторождения
|x Геология
|2 stltpush
|3 (RuTPU)RU\TPU\subj\45952
|9 65141
|
| 606 |
1 |
|
|a Нефтедобыча
|x Системы разработки
|x Эксплуатация
|x Механизация
|2 stltpush
|3 (RuTPU)RU\TPU\subj\45690
|9 64882
|
| 610 |
1 |
|
|a геология
|
| 610 |
1 |
|
|a нефть
|
| 610 |
1 |
|
|a запасы
|
| 610 |
1 |
|
|a Западная Сибирь
|
| 610 |
1 |
|
|a геологические исследования
|
| 610 |
1 |
|
|a геофизические исследования
|
| 610 |
1 |
|
|a экспериментальные исследования
|
| 610 |
1 |
|
|a разработка
|
| 610 |
1 |
|
|a экономическая эффективность
|
| 610 |
1 |
|
|a нефтеотдача
|
| 610 |
1 |
|
|a увеличение
|
| 610 |
1 |
|
|a газлифтные скважины
|
| 610 |
1 |
|
|a продуктивность
|
| 675 |
|
|
|a 553.982(571.1)
|z rus
|v 3
|
| 675 |
|
|
|a 622.276
|z rus
|v 3
|
| 702 |
|
1 |
|a Ефремов
|b Е. П.
|4 340
|
| 712 |
0 |
2 |
|a Сибирский научно-исследовательский институт нефтяной промышленности (СибНИИНП)
|c (Тюмень)
|2 stltpush
|3 (RuTPU)RU\TPU\col\214
|
| 801 |
|
0 |
|a RU
|b 63413507
|c 19950704
|g psbo
|
| 801 |
|
1 |
|a RU
|b 63413507
|c 20070613
|g PSBO
|
| 801 |
|
2 |
|a RU
|b 63413507
|c 20200113
|g PSBO
|
| 942 |
|
|
|c BK
|